000 nam a22 7a 4500
999 _c8122
_d8122
008 171128b xxu||||| |||| 00| 0 eng d
100 _aEdwards.P.etal
_94565
245 _aPhilosophy
260 _aLondon
_c1957